000 00690nam a2200229Ia 4500
003 OSt
005 20220926012332.0
006 a|||||r|||| 00| 0
007 ta
008 220923b |||||||| |||| 00| 0 eng d
037 _cGeneral Book
040 _aRTL
_cRTL
_beng
041 _2eng
_aeng
082 _aX:(G:55), N3
100 _aJohansson Per-Olov
_9249704
245 0 _aCost benefit analysis of environmental change
260 _aNew York
_bCambridge University Press U. S. A.
_c1993
300 _axiv, 232p. Bibliography p.217-27
_ccm.
650 _aEnvironmental Economics
942 _hX:(G:55), N3
_cGB
_2CC
999 _c622566
_d622566